Statistics for Echoes - Pink Floyd lyrics

Click here to take the quiz!

General Stats

  • This quiz has been taken 116 times
    (83 since last reset)
  • The average score is 12 of 17

Answer Stats

Answer% Correct
Overhead the {albatross}
99%
Hangs {motionless} upon the air
93%
The {echo} of a distant time
93%
And I am {you} and what I see is me
89%
In {labyrinths} of coral caves
81%
By chance two separate {glances} meet
79%
Starts to climb {toward} the light
79%
Comes {willowing} across the sand
74%
And {do} I take you by the hand
68%
And no one sings me {lullabies}
66%
Upon my {waking} eyes
66%
Inviting and {inciting} me to rise
64%
A million bright {ambassadors} of morning
62%
And no one {forces} down our eyes
60%
Something {stirs} and something tries
56%
Come {streaming} in on sunlight wings
44%
{Cloudless} everyday you fall
42%

Score Distribution

Percentile by Number Answered

Percent of People with Each Score

Your Score History

You have not taken this quiz since the last reset